LEADER 01058nam0-22003251i-450- 001 990008098320403321 005 20050427094211.0 010 $a2271052394 035 $a000809832 035 $aFED01000809832 035 $a(Aleph)000809832FED01 035 $a000809832 100 $a20050427d1997----km-y0itay50------ba 101 0 $afre 102 $aFR 105 $ay---n----00yy 200 1 $a<>royaume de Maurétanie sous Juba 2. et Ptolémée, (25 av. J.-C.-40 ap. J.C.)$fpar Michele Coltelloni-Trannoy$gpreface de Jehan Desanges 210 $aParis$cCNRS$d1997 215 $a270 p.$cill$d28 cm 225 1 $aEtudes d'antiquités africaines 676 $a939.71$v20$zita 700 1$aColtelloni- Trannoy,$bMichèle$0497527 702 1$aDesanges,$bJehan$f<1929- > 801 0$aIT$bUNINA$gRICA$2UNIMARC 901 $aBK 912 $a990008098320403321 952 $aDDR-XIX Da X 043$b3810 ddr$fDDR$m21-6087 959 $aDDR 996 $aRoyaume de Maurétanie sous Juba 2. et Ptolémée, (25 av. J.-C.-40 ap. J.C.$9753735 997 $aUNINA